[Event "Corus"]
[Site "Wijk aan Zee"]
[Date "2001.01.13"]
[Round "1"]
[White "Adams, Michael"]
[Black "Anand, Viswanathan"]
[Result "1/2-1/2"]
[WhiteElo "2746"]
[BlackElo "2790"]
[Annotator "Ribli,Z"]
[PlyCount "96"]
[EventDate "2001.01.13"]
[EventType "tourn"]
[EventRounds "13"]
[EventCountry "NED"]
[EventCategory "19"]
[SourceTitle "CBM 081"]
[Source "ChessBase"]
[SourceDate "2001.03.20"]
[SourceVersion "1"]
[SourceVersionDate "2001.03.20"]
[SourceQuality "1"]

1. e4 c5 2. Nf3 e6 3. d4 cxd4 4. Nxd4 Nc6 5. Nc3 Qc7 6. g3 {Der englische GM
spielt gerne Systeme mit g3. Meiner Ansicht nach kann Weiß damit keinen
Eröffnungsvorteil erreichen.} a6 7. Bg2 Nf6 8. O-O Nxd4 {Anand wählt eine alte
und nahezu in Vergessenheit geratene Variante. Heutzutage wird meist der Zug 8.
..Bc5 bevorzugt.} 9. Qxd4 Bc5 10. Bf4 d6 11. Qd2 h6 12. Rad1 e5 13. Be3 Be6 (
13... Bg4 14. Bxc5 dxc5 15. f3 Be6 16. Nd5 Bxd5 17. exd5 Qd6 18. f4 O-O 19.
fxe5 Qxe5 20. d6 Qxb2 21. Rb1 (21. c4 $5 {Das ist unsere Partie, nur mit
Zugumstellung - aber dort spielte Weiß im 20. Zug c4. Die Ursache hierfür ist,
dass beide Spieler durch 13...Bg4 ... 15.f3 Be6 ... 18.f4 je ein Tempo
verloren haben.}) 21... Qxa2 22. Rxb7 Rad8 23. Re7 Qb2 24. Rd1 a5 {0-1
Martorelli,A-Van der Werf,M/Montecatini Terme 2000/EXT 2001 (52)}) (13... Ke7
14. Bxc5 Qxc5 15. Na4 $36) 14. Bxc5 dxc5 15. Nd5 (15. f4 O-O 16. Nd5 (16. f5
Bc4 17. Rfe1) (16. Qd6 Qa5 $1 $36) 16... Bxd5 17. exd5 Qd6 {Auch das wäre nur
eine Zugumstellung zu unserer Partie.} (17... exf4 $6 18. Qxf4 (18. d6 $6 Qb6
19. c3 fxg3 20. Rxf6 gxf6 21. Qxh6 Qxb2 22. hxg3 Qe2) 18... Qxf4 19. Rxf4 $14))
15... Bxd5 16. exd5 Qd6 {Das ist ein Schlüsselzug in dieser Variante. Schwarz
muss den d-Bauern blockieren.} 17. f4 O-O 18. fxe5 Qxe5 19. d6 {Mit diesem Zug
opfert Weiß einen Bauern, öffnet aber zugleich die Diagonale des Bb2. Bei
anderen Fortsetzungen besteht die schwarze positionelle Drohung darn, den
d-Bauern mit Ne8-Nd6 zu blockieren und so den Spielraum des Bg2 einzuschränken.
} Qxb2 20. c4 $1 {Weiß setzt seine Hoffnungen nicht auf einen Angriff sondern
auf das Endspiel nach dem Damentausch.} (20. Rb1 Qxa2 21. Rxb7 Rad8 22. Rd1
Rfe8 23. Qf2 Re5 $1 $17 (23... Re6 24. Bd5 $1)) 20... Qxd2 21. Rxd2 Rab8 22. a4
$44 {Damit verhindert Weiß b7-b5, denn in diesen Fall kann er sich mit 23.cxb5
axb5 24 a5 einen gefährlichen Freibauern auf der a-Linie verschaffen.} (22. Rb1
b5 (22... b6) 23. cxb5 axb5 (23... Rxb5 $11) 24. Rc2 Rfc8 (24... Rfd8 25. Rxc5
Rxd6 26. a4 b4 27. Rb5 Rxb5 28. axb5 Rd4 29. b6) 25. Bh3 Rd8 (25... Rc6 26. d7)
26. Rxc5 Rxd6 27. a4 b4 28. Rb5 (28. Rc8+ $2 Rxc8 29. Bxc8 Rb6 30. a5 Rb8 31.
Bf5 Rb5 32. Bd3 Rxa5 33. Rxb4 $15 {Atlas,V - Horvath,J AUT tch 2000/2001 mit
Remis im 58. Zug.}) 28... Rxb5 29. axb5 Kf8 30. Rxb4 Rb6 $11) 22... Rfd8 23.
Rb1 Nd7 $1 {[%mdl 256] Schwarz verteidigt nicht seinen Mehrbauern sondern
strebt das Remis an, das er nach Vereinfachungen auch relativ leicht erreicht.}
(23... b6 24. Bc6 $44 {[%csl Gc6,Gd6]}) 24. Rxb7 (24. Bxb7 $2 Ne5 $15) 24...
Rxb7 25. Bxb7 Ne5 26. Rd5 (26. Bxa6 $4 Nf3+ $19 {[%cal Rf3d2,Rf3g1]}) 26...
Nxc4 27. Bxa6 (27. d7 Nb6 $11) 27... Nxd6 28. a5 (28. Rxc5 $14) 28... Kf8 29.
Bf1 {Weiß hat einen Bauern weniger, aber es ist Schwarz, der vorsichtigt
agieren muss - der a-Bauer ist sehr gefährlich.} (29. Rxc5 Ra8 30. Rc6 Ke7 $11)
29... Nb7 $1 $11 30. Rxd8+ Nxd8 31. Bg2 (31. a6 Nc6) 31... Ne6 32. a6 Nc7 33.
a7 {Jetzt ist schon klar, dass Schwarz den Springer für den a-Bauern geben
muss. Aber da das Material bereits reduziert ist, kann Schwarz das Remis
einfach halten.} Ke7 34. Kf2 Kd6 35. Ke3 c4 36. a8=Q {Jetzt muss Weiß diesen
Zug spielen, er hat nichts besseres.} (36. Kd4 Nb5+ $15 {[%cal Rb5a7,Rb5d4]})
36... Nxa8 37. Bxa8 Ke5 {[%mdl 4096] Schwarz hat eine aktive Königsstellung
und zwei Bauern für die Figur. Als sehr wichtig für dieses Endspiel erweist
sich die Tatsache, dass Weiss auch mit dem h-Bauern und dem weißfeldrigen
Läufer die Partie nicht gewinnen könnte.} 38. Bf3 f5 39. Be2 g5 40. Bxc4 f4+
41. Kf2 (41. gxf4+ gxf4+ $11) 41... fxg3+ 42. hxg3 g4 {Schwarz droht 43...h5
und 44...h4 mit theoretischem Remis.} 43. Bf7 Kf6 44. Be8 Kg5 45. Ke3 h5 46.
Bxh5 {Mit dieser kleinen Kombination gewinnt Weiß einen Bauern und kann die
Partie um ein paar Züge verlängern, doch das Remis ist offensichtlich.} Kxh5
47. Kf4 Kh6 48. Kxg4 Kg6 {Schwarz hält die Opposition - die Stellung ist
bekanntlich Remis.} 1/2-1/2

[Event "Capablanca Memorial Elite 35th"]
[Site "Varadero"]
[Date "2000.05.16"]
[Round "8"]
[White "Dominguez Perez, Leinier"]
[Black "Oral, Tomas"]
[Result "1/2-1/2"]
[WhiteElo "2508"]
[BlackElo "2540"]
[Annotator "Ribli,Z"]
[PlyCount "191"]
[EventDate "2000.05.07"]
[EventType "tourn"]
[EventRounds "13"]
[EventCountry "CUB"]
[EventCategory "13"]
[SourceTitle "CBM 077"]
[Source "ChessBase"]
[SourceDate "2000.07.27"]
[SourceVersion "1"]
[SourceVersionDate "2000.07.27"]
[SourceQuality "1"]

1. e4 c5 2. Nf3 Nc6 3. d4 cxd4 4. Nxd4 Qc7 5. Nc3 e6 6. f4 {Der Spieler mit
den weißen Steinen war fünf Runden zuvor in diesem Turnier mit dieser Variante
erfolgreich.} Nxd4 {Das ist die beste Fortsetzung für Schwarz.} 7. Qxd4 a6 8.
Be2 b5 9. Be3 Bb7 10. O-O-O {Die Alternative 10.0-0 führt zu positionellem
Spiel.} (10. Bf3 Rc8 (10... Ne7 $5 {Nach der Plazierung des Läufers auf f3
kann Schwarz diesen Springerzug spielen, weil das Motiv Bxb5 axb5 Nxb5 nebst
Nd6+ im Gegensatz zur Stellung nach 10.0-0 oder 10.0-0-0 nicht geht.})) 10...
Rc8 {[%cal Gc8c1] Droht sofortigen Gewinn mit 11...b4.} 11. Rd2 Nf6 12. Bf3 Be7
(12... Qa5 $5) 13. g4 {Diese aggressive Fortsetzung sieht sehr stark aus, aber
sie hat auch Nachteile: Die Diagonale a8-h1 wird geschwächt.} (13. Rhd1 O-O (
13... d6 $5) 14. e5 b4 15. Na4 Bxf3 16. gxf3 Nd5 17. Nb6 Nxb6 18. Qxb6 Qc4 19.
b3 Qc3 20. Qd4 h5 21. Kb1 (21. Qxc3 Rxc3 22. Rd3 Rfc8 23. R1d2 Kf8 24. Bd4 Rxd3
25. Rxd3 Rc6 26. Kd2 d5 {0-1 Aagaard,J-Oral,T/Hamburg 1999/EXT 2000 (56)})
21... Rfd8 22. Qe4 Qc6 23. f5 exf5 24. Qxf5 g6 25. Rg1 Bf8 26. Rd6 Bxd6 27.
Rxg6+ fxg6 28. Qxg6+ Kh8 29. Qh6+ Kg8 30. Qg6+ Kh8 31. Qh6+ Kg8 {1/2-1/2
Belotti,B-Horvath,J/Montecatini Terme 1999/EXT 2000 (31)}) (13. Kb1 $6 d6 14.
g4 O-O 15. g5 Nd7 16. h4 Rfd8 17. Rf1 Ne5 18. Be2 Nc4 19. Bxc4 Qxc4 20. Re1
Qxd4 21. Bxd4 Rd7 22. a3 Rdc7 23. Bb6 Rc4 24. Ba5 Kf8 {Short,N-Kotronias,V/
Thessaloniki olm 1988/1/2-1/2 (55)}) 13... d5 {Dieser Zug führt zu
Komplikationen, die Alternative 13...Bc5 hingegen zu gleichem Spiel.} (13...
Bc5 14. Qxc5 Qxc5 15. Bxc5 Rxc5 16. Rhd1 h6 17. Bg2 Rc7 18. e5 b4 19. Na4 Bxg2
20. Rxg2 Nd5 {[%csl Gd5]} 21. Rd4 Ke7 22. Re2 Rc6 {1/2-1/2 Belotti,B-Yakovich,
Y/Saint Vincent 2000/CBM 74 ext (37)}) 14. exd5 (14. g5 dxe4 15. Nxe4 Bxe4 16.
Bxe4 Bc5 17. Qd3 Nxe4 18. Qxe4 Bxe3 19. Qxe3 O-O $11) 14... b4 15. Na4 (15. d6
Bxd6 (15... bxc3 16. dxc7 cxd2+ 17. Bxd2 Bxf3 18. Rf1 Bxg4 19. Qa4+ $13) 16.
Ne4 Be7) 15... Bxd5 16. Bxd5 Nxd5 17. Nb6 (17. Qxg7 Bf6 18. Qh6 Rg8 $1 19. Qxh7
$2 (19. Re1 Nxe3 20. Qxf6 (20. Rxe3 Rxg4 $17) 20... Nxc2 21. Rxe6+ fxe6 22.
Qxe6+ Kf8 23. Qf5+ Ke7 24. Qe4+ $11) 19... Rh8 20. Qe4 Nxe3 21. Qxe3 Qc6 $19 {
[%cal Rc6a4,Rc6h1]}) 17... Nxb6 18. Qxb6 Qc4 (18... h5 19. g5 O-O 20. Qxc7 Rxc7
21. Bd4 Rfc8 22. Re1 Rc6 23. Kd1 Kh7 24. c3 bxc3 25. Bxc3 Rc4 26. g6+ $1 fxg6
27. Rxe6 Bf8 28. Rg2 Rxf4 29. Rexg6 Rf1+ 30. Ke2 Rf5 31. Rxa6 Re8+ 32. Kd2 g5
33. a4 g4 34. Rb6 {1-0 Kogan,A-Rechlis,G/Ramat Aviv 2000/CBM 77_02 (34)}) 19.
Qd4 $146 {Bis hierher ist alles Theorie. Mit dem Damezug möchte Weiß in ein
Endspiel abwickeln, in dem er die Bauernmehrheit am Damenflügel besitzt.} (19.
Qb7 O-O $5 20. b3 Qc7 21. Qxc7 Rxc7 22. Re1 Rfc8 {1/2-1/2 Nijboer,F-Polgar,J/
Wijk aan Zee 1998/CBM 63/[Ribli] (44)}) (19. Kb1 O-O $15) 19... O-O (19... Qxd4
20. Rxd4 h5 21. g5 Bc5 22. Rd3 Bxe3+ 23. Rxe3 Ke7 $11) 20. Qxc4 Rxc4 {[%csl
Gc4]} 21. Rd7 Bc5 (21... Re8 $6 22. Rhd1 $36) 22. Bxc5 Rxc5 $11 {Wir haben
materielles Gleichgewicht und vier Türme auf dem Brett - ein Remis ist also
wahrscheinlich. Entscheidend wird sein, ob es einer der beiden Seiten gelingt,
schneller als der andere zu sein - Weiß am Damenflügel oder Schwarz am
Königsflügel.} 23. Rhd1 h5 $1 24. h3 (24. g5 Rc4 25. R7d4 Rfc8 26. R1d2 Kh7 $15
{[%cal Gh7g6,Gg6f5] Der weise f4P ist angreifbar.}) 24... Rfc8 25. Rd8+ (25.
R1d2 hxg4 26. hxg4 Rc4 $11) 25... Rxd8 26. Rxd8+ {[%mdl 4096]} Kh7 27. Rd4 a5
28. Kd2 hxg4 29. hxg4 g5 $1 {Schwarz ist schneller - er mobiliserit seine
Mehrheit zuerst, und sein König gelangt ins Spiel.} 30. c3 {Endlich verschafft
sich Weiß seinen Freibauern am Damenflügel.} bxc3+ 31. bxc3 Kg6 32. c4 $6 {
Der Bauern geht voran, aber es ist zu früh.} (32. Kd3 gxf4 (32... f5) 33. Rxf4
e5 34. Rf5 f6 35. Rh5 $11) 32... gxf4 33. Rxf4 e5 34. Re4 {Wegen des 32.Zuges
muss der weiße Turm auf e4 bleiben und seine Pc4 und Pg4 verteidigen.} Kg5 $15
35. Ke3 f6 {Die schwarzen Figuren stehen aktiver, aber in Turmendspielen ist
die Remiswahrscheinlichkeit traditionell hoch.} 36. Kf3 Kh4 37. Kg2 Rc8 38. Kf3
Rc6 39. Kf2 Rc7 40. Kf3 Rc5 {Wir haben dieselbe Stellung, wie nach 36...Kh4.}
41. Kf2 Kg5 42. Kf3 Rc7 43. Ke3 Rc8 44. Kf3 Rh8 $1 {Das ist die einzige Chance
für Schwarz, die Partie zu gewinnen.} 45. Re2 {Weiß verteidigt sich gegen 45...
Rh2 und macht auf e4 und d5 Platz für den König.} (45. c5 $2 Rh3+ 46. Ke2 Rc3
$17) 45... Rh3+ 46. Ke4 Rc3 (46... Kxg4 $6 47. Rg2+ Kh5 48. c5 Rc3 49. Kf5 $11)
47. Kd5 Kxg4 {Schwarz hat einen Mehrbauern, aber Weiß behält seine
Gegenchancen, denn der Freibauer auf der c-Linie ist stark.} 48. c5 {Droht 49.
Re4+ und 50.Rc4.} Rc1 49. Re4+ Kf5 50. Re2 (50. Rc4 Rd1+ 51. Kc6 e4 $17) 50...
Kg4 (50... Rd1+) 51. Re4+ Kf5 52. Re2 Rd1+ 53. Kc6 e4 54. Rc2 (54. Kb6 Rc1 55.
c6 Ke5 56. c7 f5 $19) 54... e3 $17 {Schwarz hat nicht nur einen Mehrbauern,
sondern ist auch schneller.} 55. Kb6 Rd2 56. Rc1 e2 57. c6 Rd1 (57... Rc2 58.
Rxc2 e1=Q 59. Rc5+ (59. c7 $2 Qb1+ $19) 59... Ke6 60. c7 Qb4+ 61. Kc6 Qxc5+ 62.
Kxc5 Kd7 63. Kb6 $11) (57... Rb2+ 58. Ka7 Rc2 59. Rxc2 e1=Q 60. c7 Qe7 61. Kb8
Qb4+ 62. Ka7 Qd4+ 63. Kb7 Qd5+ 64. Rc6 Qd7 65. Rb6 $11) 58. Rc5+ Kg6 59. c7
Rd6+ (59... e1=Q 60. c8=Q Qb4+ 61. Ka7 Rd7+ $17) 60. Kb7 e1=Q 61. c8=Q {
Schwarz hat wie zuvor einen Bauern mehr, aber die Realisierung des Vorteils
ist gar nicht leicht - die Anwesenheit der Damen verschafft Weiß Remischancen.}
Qb4+ (61... Qe7+ $5 62. Rc7 $8 Qe4+ 63. Kb8 (63. Ka7 Qe6 $19) 63... Qe6 64. Qf8
(64. Qxe6 Rxe6 $19) 64... Rb6+ $19) 62. Ka8 Qe4+ 63. Ka7 Qe7+ 64. Rc7 Qe3+ 65.
Rc5 Qe7+ 66. Rc7 Qe6 $1 {Endlich findet Schwarz den richtigen Weg. Jetzt wäre
der Damentausch ganz schlecht für Weiß, seine letzte Hoffnung besteht nun
darin, die Damen auf dem Brett zu halten.} 67. Qb7 Qe3+ 68. Ka8 Rd8+ 69. Rc8
Rxc8+ 70. Qxc8 $19 {Das Damenendspiel ist verloren für Weiß. Der Freibauer auf
f6 muss die Partie entscheiden. Es steht zwar noch ein langer Kampf bevor,
weil Weiß immer wieder Schachmöglichkeiten bekommt, aber früher oder später
muss Schwarz gewinnen.} Qf3+ 71. Ka7 Qf2+ {[%cal Rf2a2,Rf2a7]} 72. Ka6 Qxa2 73.
Qg4+ Kh6 74. Qh3+ Kg7 75. Qd7+ Qf7 {Schwarz muss den Pa5 aufgeben, sonst
entkommt er nicht den Schachs der weißen Dame.} 76. Qg4+ Qg6 77. Qd7+ Kh6 78.
Kxa5 (78. Qh3+ Qh5 79. Qe3+ Qg5 80. Qh3+ Kg6 81. Qd3+ f5 $19) 78... Qe4 {
[%csl Ge4] Die Zentralisierung der Dame ist immer ein Schlüsselmotiv in
Damenendspielen.} 79. Qh3+ Kg5 80. Qg3+ Kf5 81. Qh3+ Kg5 82. Qg3+ Qg4 83. Qe3+
Kg6 84. Qe8+ (84. Qd3+ $2 Qf5+) 84... Kg5 85. Qe3+ Qf4 86. Qg1+ Kh6 87. Qh1+
Kg6 {Nach diesem Zug kommt das weiße Spiel nicht weiter. Es gibt kein gutes
Schach für Weiß. Das Gegenschach ist in solchen Endspielen ein wichtiges Motiv
für den Spieler, der den Mehrbauern besitzt.} 88. Qh8 (88. Qb1+ $2 Qf5+ {
[%cal Rf5b1,Rf5a5]}) (88. Qg2+ $2 Qg5+) 88... f5 {Der schwarze Bauer ist schon
auf f5.} 89. Qg8+ Kh5 90. Qe8+ (90. Qf7+ Kg4 91. Qg6+ Qg5 92. Qe6 {[%cal Ge6g4]
Wenn es kein gutes Schach gibt, muss der Verteidiger auf Fesslung des
Freibauern spielen.}) 90... Kh4 91. Ka6 $6 (91. Qe1+) 91... Qc4+ 92. Ka7 Qd4+ {
[%csl Gd4] Wieder die Zentralisierung - die Dame verhindert das Schach auf h8.}
93. Kb8 f4 94. Qe1+ Kh3 95. Qe6+ Kg3 96. Qe1+ {Und Remis .Aber warum? Schwarz
steht auf Gewinn. Der f-Bauer wird früher oder später zur Dame, und ein ewiges
Schach gibt es nur in den Träumen von Weiß.} (96. Qe1+ Qf2 97. Qe5 (97. Qc3+ f3
98. Qg7+ Kh2 99. Qh6+ Kg2 $19 {Nach 100.Qg5+ (oder 100.Qg6+ und 100.Qg7+)
kommt das Gegenschach 100...Qg3+ mit sofortigem Gewinn.}) 97... Kg2 98. Qd5+ f3
$19 99. Qg5+ Qg3+ $19 {[%cal Rg3b8,Rg3g5]}) 1/2-1/2

[Event "NED-ch55"]
[Site "Rotterdam"]
[Date "2000.05.17"]
[Round "9"]
[White "Tiviakov, Sergei"]
[Black "Van der Sterren, Paul"]
[Result "0-1"]
[WhiteElo "2567"]
[BlackElo "2526"]
[Annotator "Ribli,Z"]
[PlyCount "92"]
[EventDate "2000.05.07"]
[EventType "tourn"]
[EventRounds "11"]
[EventCountry "NED"]
[EventCategory "12"]
[SourceTitle "CBM 077"]
[Source "ChessBase"]
[SourceDate "2000.07.27"]
[SourceVersion "1"]
[SourceVersionDate "2000.07.27"]
[SourceQuality "1"]

1. e4 c5 2. Nf3 e6 3. d4 cxd4 4. Nxd4 Nc6 5. Nc3 Qc7 6. g3 {Großmeister
Tiviakov wählt eine ruhige, positionelle Variante.} a6 7. Bg2 Nf6 8. O-O Nxd4 {
Dieser Zug ist in letzter Zeit wieder populär, aber Schwarz hat viele andere
Möglichkeiten: 8...d6,8...Be7 und - was auch oft gespielt wird - 8...Bc5.} 9.
Qxd4 Bc5 10. Bf4 (10. Qd3 Ng4 $11 {[%cal Gg4e5]} (10... d6 $11)) 10... d6 11.
Qd2 h6 12. Rad1 e5 13. Be3 Be6 {Dieser alte Zug ist, glaube ich, die beste
Möglichkeit für Schwarz. Nach Nd5 kann er immer Bxd5 spielen.} (13... Bg4 14.
Bxc5 dxc5 15. f3 (15. Qd6 $5) 15... Be6 16. f4 O-O 17. Qd6 Qa5 18. Qd2 (18.
Qxe5 Rfe8 $1 $44 (18... Ng4 19. Qh5 Ne3 20. f5 Bc4 21. f6 Bxf1 22. fxg7 Kxg7
23. Rd6 Rh8 24. Bxf1 Rh7 25. Bd3 Rd8 26. b4 Qc7 27. Qe5+ Kg8 {1/2-1/2 Korneev,
O-Fominyh,A/Minsk 1995/CBM 46 ext (27)}) 19. f5 Bc4 20. Qf4 Bxf1 21. Rxf1 c4
22. Kh1 Qe5 23. Rd1 b5 {0-1 Shchekachev,A-Fominyh,A/Omsk/Perm 1998/EXT 2000 
(45)}) 18... Qc7 (18... Rad8 $5) 19. f5 Bc4 20. Rfe1 Rad8 21. Qe3 a5 22. Bf3
Rd4 23. b3 Ba6 24. Nd5 Nxd5 25. exd5 f6 26. c3 Rxd1 27. Rxd1 Rd8 28. c4 b6 {
1/2-1/2 Zlatanovic,Z-Zivanic,S/JUG-chT2 1994/EXT 94ch (40)}) (13... Ke7) 14.
Bxc5 dxc5 15. f4 (15. Nd5 Bxd5 16. exd5 Qd6 $13 {[%csl Gd6] Das ist das
Schlüsselmotiv in dieser Variante - Schwarz muss - meiner Meinung nach - auf
jeden Preis den Pd5 blockieren.}) 15... O-O 16. Qd6 Qa5 (16... Rac8 17. f5 Bc4
18. Rfe1 b5 19. b3 b4 20. Qxc7 Rxc7 21. Nd5 Bxd5 22. exd5 Nd7 23. d6 $36) 17.
f5 (17. Qd2 Rad8 $5 (17... Qc7) 18. Nd5 Qxd2 19. Rxd2 Bxd5 $1 20. exd5 exf4 21.
Rxf4 Ne8 $11 {1/2-1/2 Adams,M-Polgar,J/Wijk aan Zee 2000/CBM 75/[Ribli] (27)})
(17. Qxe5 Rfe8 $44 {Wir haben dieselbe Stellung wie in der Zugfolge 13...Bg4
14.Bxc5 dxc5 15.f3 Be6 16.f4 0-0 17.Qd6 Qa5 18.Qxe5 Rfe8, aber in dieser
Zugfolge spielt Weiß die Züge 15.f3, 16.f4, Schwarz die Züge 13...Bg4 und 15...
Be6.} (17... Ng4)) 17... Bc4 {[%csl Gc4]} 18. Rfe1 Rfe8 {[%csl Rd6][%cal Ra8d8,
Rd8d6] Die weiße Dame steht unglücklich auf d6, nun droht der Damenfang durch
19...Rad8.} 19. Qd2 Rad8 20. Qe3 Rd4 $15 {[%csl Gd4,Rg2] Schwarz hat das
aktivere, bessere Figurenspiel, der weiße Bg2 steht passiv.} 21. a4 {Dieser
Zug richtet sich gegen den Bc4 - Weiß möchte 22.b3 ziehen, mit Läuferfang.} (
21. b3 Bb5 $15) 21... Red8 {[%cal Gd8d1]} 22. Bf3 {Verteidigt den Rd1 und
verhindert Ng4.} (22. b3 $2 Ng4 $19) 22... Qb4 {[%cal Rb4b2]} 23. Rb1 (23. b3
Bd3 $8 24. Na2 (24. cxd3 $2 Qxc3 $17) (24. Rxd3 Rxd3 25. cxd3 Qxc3 $17) 24...
Qa3 25. c3 R4d7 $17) 23... Rd2 24. Red1 (24. b3 Rxc2 25. bxc4 Qxc3 26. Rxb7 Rd3
$19) 24... Rxd1+ 25. Bxd1 (25. Rxd1 Rxd1+ (25... Rd4 $4 26. b3 $18 {[%csl Rc4]}
) 26. Nxd1 Ba2 $5 27. Nc3 Qxb2 28. Qxc5 Qc1+ 29. Nd1 Bb3 30. Qxe5 Bxc2 $17)
25... b5 $5 {Schwaz mobilisiert seine Bauern am Damenflügel.} 26. axb5 Bxb5 (
26... axb5) 27. Bf3 Qd4 28. Re1 (28. Qxd4 cxd4 29. Nxb5 axb5 $15) (28. Kf2 $2
Qd2+ $17) 28... Qd2 29. Nxb5 (29. Nd5 Qxc2 30. Nxf6+ gxf6 31. Qxh6 Qd2 $1 (
31... Qxb2 32. Qxf6 Qd2 33. Rb1 Qe3+ 34. Kg2 Rd3 (34... Rd2+ 35. Kh3 Qxf3 36.
Qg5+ Kh7 (36... Kf8 37. Qxd2 Bf1+ 38. Kh4 Qxe4+ 39. g4 Qxb1 40. Qd8+ Kg7 41.
Qg5+ $11) 37. Qh4+ $11)) 32. Qxd2 Rxd2 $15) 29... axb5 30. Re2 Qd1+ 31. Kg2 c4
32. Qc5 $2 {[%mdl 8192]} (32. Qc3 $142 $15) 32... Rd2 $6 (32... Nxe4 $1 33.
Qxe5 (33. Rxe4 Rd2+ 34. Be2 Rxe2+ 35. Rxe2 Qxe2+ $19) 33... Nd2 34. Rf2 (34.
Qe8+ Kh7 $19 (34... Rxe8 $4 35. Rxe8+ $18 {[%cal Re8g8,Rf3d1]})) 34... Nxf3 35.
Rxf3 Rd2+ 36. Rf2 Rxf2+ 37. Kxf2 Qxc2+ $19) 33. Rxd2 Qxd2+ 34. Qf2 Qc1 {
Natürlich mus Schwarz die Damen auf dem Brett halten.} 35. c3 Qb1 36. Qe2 Nd7 {
[%cal Gd7c5,Gc5d3]} 37. Qd2 $2 {[%mdl 16384] Es ist zwar richtig, dass die
weiße Stellung passiv ist, aber warum lässt Schwarz den Springer nach c5
kommen?} (37. Qf2 $15 {[%cal Gf2a7]}) 37... Nc5 $17 38. Qd5 Nd3 39. Qxb5 Ne1+ (
39... Qc2+ $1 $19) 40. Kf2 Nd3+ 41. Kg2 Qc2+ $1 42. Kh3 Nf2+ 43. Kh4 Qd2 $19 {
[%csl Rh4] Der weiße König befindet sich im Mattnetz. Er hat keine
Verteidigung.} 44. Qe8+ Kh7 45. Qe7 f6 $1 46. g4 Qf4 {[%csl Rh4][%cal Rf4h2,
Rh2h4]} 0-1